LIBRARY & INFORMATION CENTRE, KCAET, TAVANUR

ONLINE PUBLIC ACCESS CATALOGUE (OPAC)

Poems of general momley hopines / (Record no. 12303)

MARC details
000 -LEADER
fixed length control field 00362cam a2200145ua 4500
041 ## - LANGUAGE CODE
Language code of text/sound track or separate title eng
082 ## - DEWEY DECIMAL CLASSIFICATION NUMBER
Classification number 821
Item number HOP/PO
100 ## - MAIN ENTRY--AUTHOR NAME
Personal name hopins, .
245 ## - TITLE STATEMENT
Title Poems of general momley hopines /
260 ## - PUBLICATION, DISTRIBUTION, ETC. (IMPRINT)
Place of publication Mumbai :
Name of publisher Oxford & IBH Book Company ,
Year of publication 1964.
300 ## - PHYSICAL DESCRIPTION
Number of Pages 307 ; .
942 ## - ADDED ENTRY ELEMENTS (KOHA)
Koha item type Books
Holdings
Withdrawn status Lost status Damaged status Home library Current library Date acquired Full call number Accession Number Koha item type Public note
Withdrawn     KAUAET Sanskrit University 07/04/2012 821 6499 Books Transferred to Sanskrit University
free website counter